Statistics for Regions of the Gambia on a Map

Click here to take the quiz!

General Stats

  • This quiz has been taken 229 times
  • The average score is 4 of 6

Answers on the Map

Answers color-coded by a green-red scale on the quiz's map according to % correct below.
 

Answer Stats

Region% Correct
Banjul
90%
North Bank
76%
West Coast
74%
Upper River
60%
Lower River
58%
Central River
55%

Score Distribution

Percentile by Number Answered

Percent of People with Each Score

Your Score History

You have not taken this quiz